Statistics for Monotremes of the World

Click here to take the quiz!

General Stats

  • This quiz has been taken 22 times
  • The average score is 2 of 5

Answer Stats

Scientific NameAnswer% Correct
Ornithorhynchus anatinusPlatypus
100%
Tachyglossus aculeatusShort-beaked Echidna
56%
Zaglossus attenboroughiAttenborough's Long-beaked Echidna
28%
Zaglossus bartoniEastern Long-beaked Echidna
28%
Zaglossus bruijniWestern Long-beaked Echidna
22%

Score Distribution

Percentile by Number Answered

Percent of People with Each Score

Your Score History

You have not taken this quiz